=LDR 00000nam 2200000 4500 =001 INLIS000000000034987 =005 20130612140857 =008 ***********************************Ind** =035 ##$$0010-061300000034987 =041 ##$$a Ind =082 ##$$a 158.12 =090 ##$$a 158.12, Tro s =100 ##$$a Tracy, Brian =245 ##$$a Spririf of success, Brian Tracy =260 ##$$a 2003 $b Jakarta =300 ##$$a 107 hlm, 21 cm =650 ##$$a Sukses dalam Bisnis =850 ##$$a NBPNMAT